000 00307nam a2200133Ia 4500
100 _aGillett/B.E
942 _cBK
654 _aOperations Research
245 _aIntroduction To Operations Research
260 _bTata McGraw Hill
_aNew Delhi
_c1986
082 _a519.4
300 _a617
546 _aENGLISH
999 _c24071
_d24071